000 00388nam a2200133Ia 4500
008 100328s9999 xx 000 0 und d
082 _b4427
100 _aराजोपाये वसंत
245 _aउस्तादी गायकी
260 _b---
630 _aउस्तादी गायकी
730 _aउस्तादी गायकी
942 _cBOOK
999 _c500481
_d500478